| 000 | 01030nam a22001937a 4500 | ||
|---|---|---|---|
| 008 | 110901t xxu||||| |||| 00| 0 eng d | ||
| 020 | _a0574182225 | ||
| 050 | _aHB171.5 .L43 | ||
| 100 |
_aLee, Dwight R. _qDwight R.Lee |
||
| 245 |
_aEconomics in our time : concepts and issues _cDwight R.Lee |
||
| 260 |
_aChicago _bScience Research Associates _cc1975 |
||
| 300 |
_a213 p. _c23 cm |
||
| 505 | _aContents: The Abundance of scarcity -- Order from chaos -- Repealing the law of supply and demand -- What goes up may not come down -- Social choice: The Tail wags the dog -- Protecting the consumer against low prices and lifesaving drugs -- Let the protected beware -- A Solution to pollution -- Conserving our resources -- Markets and mythology -- Discrimination -- Human capital and the wealth of nations -- Insufficient income: The Root of all poverty -- A Look Backward | ||
| 650 |
_aWealth _xSociology |
||
| 650 |
_aEconomy _xPoverty |
||
| 650 | _aEconomic history 1945-1971 | ||
| 700 | _aMCNOWN, Robert F. | ||
| 942 |
_2lcc _cBK |
||
| 999 |
_c53 _d7553 |
||